The Real Estate Investment Trusts (Joint Ventures) Regulations 2006 (Record no. 106107)
[ view plain ]
| 000 -LEADER | |
|---|---|
| fixed length control field | 01146cam a2200241 4500 |
| 001 - CONTROL NUMBER | |
| control field | ##L135606 |
| 008 - FIXED-LENGTH DATA ELEMENTS--GENERAL INFORMATION | |
| fixed length control field | 061115n2006 000 0 eng u |
| 020 ## - INTERNATIONAL STANDARD BOOK NUMBER | |
| International Standard Book Number | 0110752503 |
| 035 ## - SYSTEM CONTROL NUMBER | |
| System control number | (Sirsi) u135606 |
| 041 0# - LANGUAGE CODE | |
| Language code of text/sound track or separate title | eng |
| 110 2# - MAIN ENTRY--CORPORATE NAME | |
| Corporate name or jurisdiction name as entry element | United Kingdom |
| Form subheading | Laws, etc |
| 9 (RLIN) | 5044 |
| 245 04 - TITLE STATEMENT | |
| Title | The Real Estate Investment Trusts (Joint Ventures) Regulations 2006 |
| 260 ## - PUBLICATION, DISTRIBUTION, ETC. | |
| Place of publication, distribution, etc. | London |
| Name of publisher, distributor, etc. | TSO |
| Date of publication, distribution, etc. | 2006 |
| 490 #0 - SERIES STATEMENT | |
| Series statement | SI |
| Volume/sequential designation | 2006: 2866 |
| 520 ## - SUMMARY, ETC. | |
| Summary, etc. | Provide details on how the Real Estate Investments Trusts regime (UK-REIT regime), which was introduced by the Finance Act 2006 Part IV, shall apply to joint ventures. Joint ventures (which are not group REITs) may elect for the UK-REIT regime to apply in accordance with these Regulations. Come into force 7 January 2007. |
| 590 ## - LOCAL NOTE (RLIN) | |
| Local note | KA |
| 650 24 - SUBJECT ADDED ENTRY--TOPICAL TERM | |
| Topical term or geographic name entry element | REAL ESTATE INVESTMENT TRUSTS (JOINT VENTURES) REGULATIONS 2006 |
| 650 24 - SUBJECT ADDED ENTRY--TOPICAL TERM | |
| Topical term or geographic name entry element | FINANCE ACT 2006 PART IV |
| 651 #4 - SUBJECT ADDED ENTRY--GEOGRAPHIC NAME | |
| Geographic name | United Kingdom |
| Chronological subdivision | |
| 690 ## - LOCAL SUBJECT ADDED ENTRY--TOPICAL TERM (OCLC, RLIN) | |
| Topical term or geographic name as entry element | PROPERTY-PROPERTY FINANCE AND INVESTMENT-REAL ESTATE INVESTMENT TRUSTS |
| 856 40 - ELECTRONIC LOCATION AND ACCESS | |
| Uniform Resource Identifier | <a href="https://www.opsi.gov.uk/si/si2006/20062866.htm">https://www.opsi.gov.uk/si/si2006/20062866.htm</a> |
| Public note | View the Regulations free of charge at www.opsi.gov.uk.. |
| 942 ## - ADDED ENTRY ELEMENTS (KOHA) | |
| Suppress in OPAC | 0 |
| Withdrawn status | Lost status | Source of classification or shelving scheme | Damaged status | Not for loan | Home library | Current library | Shelving location | Date acquired | Total Checkouts | Full call number | Barcode | Date last seen | Copy number | Price effective from | Koha item type |
|---|---|---|---|---|---|---|---|---|---|---|---|---|---|---|---|
| Dewey Decimal Classification | Virtual | Virtual | Online | 15/11/2006 | ONLINE PUBLICATION | 135606-2001 | 06/08/2019 | 1 | 06/08/2019 | Book |